| 000 | 00000nam##2200000za#4500 |
| 001 | 9.647867 |
| 003 | CaOODSP |
| 005 | 20210615112823 |
| 007 | ta |
| 008 | 150407|2000||||xxc||||| f|0| 0 eng|d |
| 020 | |a0-662-29323-1 |
| 040 | |aCaOODSP|beng |
| 043 | |an-cn--- |
| 086 | 1 |aC2-524/2000E |
| 110 | 1 |aCanada. |bIndustry Canada. |
| 245 | 10|aPathways to growth: opportunities in biotechnology |
| 260 | |aOttawa - Ontario : |bIndustry Canada |c2000. |
| 300 | |a38p. : |bgraphs, illus., tables ; |c28 cm. |
| 500 | |aContents: The Canadian biotechnology industry: an overview.--R&D, technology transfer and commercialization.--Financing and access to capital.--Skills development and human resources.--Regulation and intellectual property.--Foreign investment and trade.--Conclusion: Canada in the biotech century. |
| 563 | |aSoftcover |
| 590 | |a00-41|b2000-10-13 |
| 690 | 07|aBiotechnology|2gcpds |
| 690 | 07|aTechnology transfer|2gcpds |
| 690 | 07|aFinancing|2gcpds |
| 775 | 08|tLes chemins de la croissance: possibilités dans le secteur de la biotechnologie |w(CaOODSP)9.681250 |
| 776 | 0#|tPathways to growth : |w(CaOODSP)9.695195 |
| 986 | |a53198E |